Normal view
MARC view
Entry Personal Name
001 - CONTROL NUMBER
- control field: 8084
003 - CONTROL NUMBER IDENTIFIER
- control field: OSt
005 - DATE AND TIME OF LATEST TRANSACTION
- control field: 20211028144346.0
008 - FIXED-LENGTH DATA ELEMENTS
- fixed length control field: 211028|| aca||aabn | a|a d
040 ## - CATALOGING SOURCE
- Original cataloging agency: OSt
- Transcribing agency: OSt
100 ## - HEADING--PERSONAL NAME
- Personal name: Crasta, Melwin;Kamath, T Ramesh
- Miscellaneous information: 1716106
670 ## - SOURCE DATA FOUND
- Source citation: Work cat.: (OSt): Crasta, Melwin;Kamath, T Ramesh 1716106, A study on factors enhancing consumer satisfaction of suzuki motorcycles amoung youth., 2019